The best American travel writing 2002 / (Record no. 13063)
[ view plain ]
| 000 -LEADER | |
|---|---|
| fixed length control field | 00422cam a2200169Ia 4500 |
| 020 ## - INTERNATIONAL STANDARD BOOK NUMBER | |
| ISBN | 0618118799 |
| 020 ## - INTERNATIONAL STANDARD BOOK NUMBER | |
| ISBN | 0618118802 |
| 040 ## - CATALOGING SOURCE | |
| Transcribing agency | AMP |
| 082 ## - DEWEY DECIMAL CLASSIFICATION NUMBER | |
| Classification number | 810 HOU 2002 A094 Or. |
| 245 04 - TITLE STATEMENT | |
| Title | The best American travel writing 2002 / |
| 260 ## - PUBLICATION, DISTRIBUTION, ETC. (IMPRINT) | |
| Place of publication | Boston, MA : |
| Name of publisher | Houghton Mifflin Co., |
| Year of publication | 2002. |
| 300 ## - PHYSICAL DESCRIPTION | |
| Number of Pages | 351 p. ; |
| Dimensions | 22 cm. |
| 650 #0 - SUBJECT ADDED ENTRY--TOPICAL TERM | |
| Topical Term | Travel |
| 650 #0 - SUBJECT ADDED ENTRY--TOPICAL TERM | |
| Topical Term | Travel writing. |
| 700 1# - ADDED ENTRY--PERSONAL NAME | |
| Personal name | Mayes, Frances. |
| 942 ## - ADDED ENTRY ELEMENTS (KOHA) | |
| Koha item type | សៀវភៅភាសាអង់គ្លេស |
| 952 ## - LOCATION AND ITEM INFORMATION (KOHA) | |
| Withdrawn status [LOCAL, KOHA] | 0 |
| Permanent Location | Date acquired | Koha item type | Lost status | Shelving location | Barcode | Current Location | Full call number |
|---|---|---|---|---|---|---|---|
| Library Block A | 2017-08-19 | សៀវភៅភាសាអង់គ្លេស | A094 | A15421 | Library Block A | 810 HOU 2002 A094 Or. |